| Tag |
First Indicator |
Second Indicator |
Subfields |
| LEADER |
00000cam a2200000Ia 4500 |
| 001 |
in00002273921 |
| 005 |
20190326185144.0 |
| 006 |
m | d | |
| 007 |
cr |n||||||||n |
| 008 |
871015s1810 xx f s 000 0 eng d |
| 040 |
|
|
|a TXA
|c GKR
|d OCL
|d OCLCQ
|d Thomson Gale
|d UtOrBLW
|
| 100 |
1 |
|
|a Taylor, Samuel,
|d 1749-1811.
|
| 245 |
1 |
0 |
|a Stenography, or The art of short hand perfected :
|b containing rules and regulations, whereby the most illiterate may acquire the mode of taking down trials, orations, lectures, &c. in a few hours, and be competent by a little experience to practice the same.
|
| 250 |
|
|
|a 2nd ed.
|
| 264 |
|
1 |
|a [Place of publication not identified] :
|b [publisher not identified],
|c 1810
|
| 264 |
|
3 |
|a Boston :
|b S.G. Snelling, printer
|
| 300 |
|
|
|a 16 pages, 4 unnumbered leaves of plates.
|
| 336 |
|
|
|a text
|b txt
|2 rdacontent
|
| 337 |
|
|
|a computer
|b c
|2 rdamedia
|
| 338 |
|
|
|a online resource
|b cr
|2 rdacarrier
|
| 500 |
|
|
|a Attributed to Samuel Taylor.
|
| 500 |
|
|
|a Reproduction of original from Widener Library, Harvard University.
|
| 500 |
|
|
|a Goldsmiths'-Kress number 20197.5.
|
| 510 |
4 |
|
|a OCLC,
|c 16856260
|
| 533 |
|
|
|a Electronic reproduction.
|b Farmington Hills, Mich. :
|c Thomson Gale,
|d 2005.
|f (The making of the modern world).
|n Available via the World Wide Web.
|n Access limited to licensing agreements.
|7 s2005 miunns
|
| 500 |
|
|
|a Electronic resource.
|
| 650 |
|
0 |
|a Shorthand.
|
| 655 |
|
0 |
|a Electronic books.
|
| 740 |
0 |
|
|a Stenography.
|
| 740 |
0 |
|
|a Art of short hand perfected.
|
| 830 |
|
0 |
|a Making of the modern world (Goldsmiths'-Kress Library of Economic Literature)
|
| 856 |
4 |
0 |
|u http://proxy.library.tamu.edu/login?url=http://galenet.galegroup.com/servlet/MOME?af=RN&ae=U103053679&srchtp=a&ste=14&locID=txshracd2898
|z Connect to the full text of this electronic book
|t 0
|
| 999 |
|
|
|a MARS
|
| 999 |
f |
f |
|s dbbdabda-4cdd-3283-80ec-4c06e7ebff4a
|i 962658a4-6061-325f-a340-487684615662
|t 0
|
| 952 |
f |
f |
|a Texas A&M University
|b College Station
|c Electronic Resources
|d Available Online
|t 0
|h No information provided
|
| 998 |
f |
f |
|t 0
|l Available Online
|